01167nam a22002657a 450000500170000001000130001702000230003003500130005303700160006604000120008208200240009410000390011824501080015724600540026526000820031927001070040130000520050865000500056065000520061065000280066265000250069094200330071599900190074895201340076720170124103030.0 aB-177195 c200.00a8187883219 aB-177195 bCen Lib/Ret aDPLbHN aक bवैदय  aवैद, यशपाल 963609 aसमवेत स्वर और अन्य कहानियां /cयशपाल वैद  aSamvet sawr or anya kahaniyan /bby Yashpal Vaid  aछावनी bआई.बी.ए. पब्लिकेशन्स c2004 bछावनी a6269/पी. निकल्सन रोड, अम्बाला छावनी  a189पृ.c19सेमी (सजिल्द) aहिंदी साहित्य 963610 aहिंदी कहानियां 92082 aHindi literature963611 aHindi stories963612 2ddccHNhक mवैदय  c115864d115864 00104070aLbLd2015-08-21eCen Lib/Refg200.00l0oक वैदयpB-177195r2015-08-21 00:00:00t1v200.00w2015-08-21yHN